|
|
|
|
| LEADER |
00000nam2a2200000 4500 |
| 001 |
178158 |
| 005 |
20231101223404.0 |
| 010 |
|
|
|a 9785769565939
|
| 035 |
|
|
|a (RuTPU)RU\TPU\book\193147
|
| 090 |
|
|
|a 178158
|
| 100 |
|
|
|a 20100402d2009 m y0rusy50 ca
|
| 101 |
0 |
|
|a rus
|
| 102 |
|
|
|a RU
|
| 105 |
|
|
|a af j 001zy
|
| 200 |
0 |
|
|a Т. 1
|
| 210 |
|
|
|d 2009
|
| 215 |
|
|
|a 304 с.
|c ил.
|
| 320 |
|
|
|a Библиогр. в конце тем
|
| 330 |
|
|
|a В учебнике систематизируются знания по истории изобразительного искусства с древнейших времен до XX в., дается представление об идейно-стилистических особенностях каждого исторического этапа, характерных тенденциях в творчестве наиболее выдающихся мастеров. В томе 1 рассматривается история искусства первобытной эпохи, Древнего Египта, Древней Передней Азии, эгейское искусство, искусство Древней Греции, этрусков и Древнего Рима, искусство стран Востока (Индии, Китая, Японии), доколумбовой Америки, Западной Европы (до рубежа XIX—XX вв.). Внимание сосредоточено на наиболее важных явлениях в искусстве античности, романики и готики, Возрождения, барокко, классицизма, романтизма, реализма, модерна. Для студентов высших педагогических учебных заведений. Книга может быть полезна широкому кругу любителей изобразительного искусства.
|
| 461 |
|
1 |
|0 (RuTPU)RU\TPU\book\196077
|y 978-5-7695-6594-6
|t История изобразительного искусства
|o в 2 т.
|o учебник
|f Н. М. Сокольникова
|v Т. 1
|e 3-е изд., стер.
|d 2009
|s Высшее профессиональное образование. Педагогические специальности
|
| 606 |
1 |
|
|a Искусство
|x История
|2 stltpush
|3 (RuTPU)RU\TPU\subj\13188
|9 39839
|
| 610 |
1 |
|
|a история
|
| 610 |
1 |
|
|a искусство
|
| 610 |
1 |
|
|a первобытное искусство
|
| 610 |
1 |
|
|a Древний мир
|
| 610 |
1 |
|
|a Древний Египет
|
| 610 |
1 |
|
|a Шумер
|
| 610 |
1 |
|
|a Аккад
|
| 610 |
1 |
|
|a Ассирия
|
| 610 |
1 |
|
|a Нововавилонское царство
|
| 610 |
1 |
|
|a эгейское искусство
|
| 610 |
1 |
|
|a Древняя Греция
|
| 610 |
1 |
|
|a Древняя Передняя Азия
|
| 610 |
1 |
|
|a Крит
|
| 610 |
1 |
|
|a Микенская Греция
|
| 610 |
1 |
|
|a Тиринф
|
| 610 |
1 |
|
|a Троя
|
| 610 |
1 |
|
|a архаика
|
| 610 |
1 |
|
|a классика
|
| 610 |
1 |
|
|a этруски
|
| 610 |
1 |
|
|a Древний Рим
|
| 610 |
1 |
|
|a Западноевропейское искусство
|
| 610 |
1 |
|
|a Средневековье
|
| 610 |
1 |
|
|a Западная Европа
|
| 610 |
1 |
|
|a романское искусство
|
| 610 |
1 |
|
|a готическое искусство
|
| 610 |
1 |
|
|a Франция
|
| 610 |
1 |
|
|a Англия
|
| 610 |
1 |
|
|a Германия
|
| 610 |
1 |
|
|a Испания
|
| 610 |
1 |
|
|a Италия
|
| 610 |
1 |
|
|a Возрождение
|
| 610 |
1 |
|
|a проторенессанс
|
| 610 |
1 |
|
|a 17 век
|
| 610 |
1 |
|
|a Фландрия
|
| 610 |
1 |
|
|a Голландия
|
| 610 |
1 |
|
|a 18 век
|
| 610 |
1 |
|
|a 19 век
|
| 610 |
1 |
|
|a реализм
|
| 610 |
1 |
|
|a импрессионизм
|
| 610 |
1 |
|
|a постимпрессионизм
|
| 610 |
1 |
|
|a страны Востока
|
| 610 |
1 |
|
|a Индия
|
| 610 |
1 |
|
|a Древняя Индия
|
| 610 |
1 |
|
|a Китай
|
| 610 |
1 |
|
|a ольмекская культура
|
| 610 |
1 |
|
|a теотиуакан
|
| 610 |
1 |
|
|a ацтеки
|
| 610 |
1 |
|
|a майя
|
| 610 |
1 |
|
|a инки
|
| 610 |
1 |
|
|a Доколумбова Америка
|
| 610 |
1 |
|
|a учебники
|
| 801 |
|
1 |
|a RU
|b 63413507
|c 20100402
|
| 801 |
|
2 |
|a RU
|b 63413507
|c 20150627
|g RCR
|
| 900 |
|
|
|a Искусство Востока
|
| 942 |
|
|
|c BK
|
| 959 |
|
|
|a 20/20100322
|d 2
|e 393,80
|f АНЛ:1
|f ЧЗГЛ:1
|